00206nam a2200097Ia 4500008004100000100000900041245001600050260001800066942000700084999001700091190216s9999||||xx |||||||||||||| ||und|| aNull 0aHindi-Hindi bSahithyasadan cBK c17490d17490